Harry Potter - dans quel livre... - Statistiques

Statistiques générales
  • Ce quiz a été pris 64 fois
    54 depuis la dernière actualisation
  • Le résultat moyen est 19 sur 40
Statistiques - réponses
Question Réponse % Correct
" La gargouille de pierre s'écarta aussitôt, le mur s'ouvrit et ils montèrent l'escalier mobile. Lorsqu'ils eurent atteint la porte de bois verni au heurtoir en forme de griffon, Ombrage ne se donna pas la peine de frapper et entra directement en tenant Harry toujours aussi fermement. " Harry Potter et l'Ordre du Phénix
92%
" Potter, revenez ici, cria Quirrell. " Harry Potter à l'école des sorciers
85%
"Dès qu'ils eurent disparu dans le tronc, l'arbre se remit à gesticuler avec fureur. " Harry Potter et le prisonnier d'Azkaban
85%
" Juste après avoir un fils... Remus, je suis vraiment désolé... " Harry Potter et les Reliques de la mort
77%
" Bois de noyer et ventricule de dragon, dit-il. Trente et un centimètres huit. Rigide. Cette baguette appartenait à Bellatrix Lestrange. " Harry Potter et les Reliques de la mort
77%
" Avez-vous reçu le mot que je vous ai envoyé dans votre cabane ce matin ? demanda Ombrage de cette même voix lente et sonore avec laquelle elle s'était adressée à lui, comme si elle avait à faire à un étranger particulièrement obtus. " Harry Potter et l'Ordre du Phénix
77%
" Je crois qu'elle s'est cassé la cheville, j'ai entendu quelque chose craquer, murmura Luna qui semblait la seule à être en bon état. " Harry Potter et l'Ordre du Phénix
77%
" Harry, qu'est-ce que... CHUT ! Harry tendit à nouveau l'oreille. Il entendait la voix qui continuait de s'éloigner en montant dans les étages. ... Je sens l'odeur du sang... L'ODEUR DU SANG ! " Harry Potter et la Chambre des secrets
69%
" Harry avait déjà pris l Poudlard Express l'année précédente. La difficulté consistait à trouver la voie 9 3/4 qui n'était pas visible aux yeux des Moldus. " Harry Potter et la Chambre des secrets
69%
Il y avait un serpent sur un tapis, devant une cheminée... Un petit homme qui s'appelait Peter et qu'on surnommait Queudver... et puis une voix froide, aiguë... La voix de Lord Voldemort. " Harry Potter et la coupe de feu
69%
" J'ai quelques petites choses à vous dire et comme l'une d'elles est très sérieuse, autant s'en débarrasser tout de suite avant que la bonne chère ne vous plonge dans une euphorie peu propice à la gravité... Dumbledore s'éclaircit la gorge et poursuivit. Comme vous avez pu vous en apercevoir en les voyant fouiller le Poudlard Express, l'école a dû accueillir quelques Détraqueurs d'Azkaban qui nous ont été envoyés par le ministère de la magie. " Harry Potter et le prisonnier d'Azkaban
69%
" Le poing en l'air, Harry remonta en chandelle. Un tonnerre d'acclamations explosa dans le stade. Harry s'éleva au-dessus de la foule des spectateurs et sentit ses oreilles tinter étrangement. Il tenait bien serrée dans son poing la petite balle d'or qui battait vainement des ailes contre ses doigts. " Harry Potter à l'école des sorciers
62%
" Parfois, seul dans son placard, il fouillait dans ses souvenirs pendant des heures entières et une étrange vision émergeait de sa mémoire. " Harry Potter à l'école des sorciers
62%
" Nous, on n'a jamais eu le droit d'y aller, dit Ron avec envie. J'espère bien, il ne manquerait plus que ça ! grogna Hagrid. Mrs Weasley apparut enfin, courant à toutes jambes, Ginny accrochée au bras. Oh, Harry, mon petit chéri ! tu aurais pu atterrir Dieu sait où ! " Harry Potter et la Chambre des secrets
62%
" D'immenses piliers de pierre, autour desquels s'enroulaient des serpents scultés, soutenaient un plafond noyé dans une atmosphère étrange et verdâtre. " Harry Potter et la Chambre des secrets
62%
" Les Moldus ont été avertis que Black était armé d'un pistolet ( sorte de baguette magique dont les Moldus se servent pour s'entre-tuer), mais ce que craint la communauté des sorcières et sorciers, c'est un massacre tel que celui qui s'est produit il y a douze ans, lorsque Black a tué treize personnes d'un coup en lançant un seul sort. " Harry Potter et le prisonnier d'Azkaban
62%
" Si Mr Cattermole a eu suffisamment de sang-froid, il a dû transporter sa femme par transplanage d'escorte et il vont tout de suite quitter le pays avec leurs enfants" Harry Potter et les Reliques de la mort
62%
"Harry s'était tellement habitué à leur isolement qu'il en avait presque oublié que d'autres résistaient également à Voldemort. " Harry Potter et les Reliques de la mort
62%
" Pourtant, tu te sers souvent d'araignées pour fabriquer des potions... Quand elles sont mortes, ça va. " Harry Potter et la Chambre des secrets
54%
" Vous pensez à un mémorial, peut-être ? Un mémorial ne m'intéresse pas - ne m'intéresse plus. Je suis un vieil homme, un vieil homme en train de mourir, et je suis venu vous demander, vous supplier, de m'aider à faire revenir mon fils. " Harry Potter et l'enfant maudit
54%
" Non, professeur, il a dit à Barjow de le lui mettre de côté. " Harry Potter et le Prince de sang-mêlé
54%
" Pour rien au monde il n'aurait voulu que Rogue se mette à chercher la source de sa soudaine virtuosité dans la préparation des potions. " Harry Potter et le Prince de sang-mêlé
54%
" Harry monta l'échelle le premier et émergea dans la salle de classe la plus étrange qu'il eût jamais vue. Harry Potter et le prisonnier d'Azkaban
54%
" Il eut une seconde de répit puis un autre éclair de lumière verte jaillit. La chouette poussa un cri perçant et tomba sur le plancher de la cage. " Harry Potter et les Reliques de la mort
54%
" Harry, Ron, Hermione et Ginny allèrent s'asseoir au bout d'une rangée, près du lac. Autour d'eux, des chuchotements bruissaient comme des herbes sous la brise mais le chant des oiseaux dominait les murmures. " Harry Potter et le Prince de sang-mêlé
46%
"Et pourquoi donc Ron et Hermione étaient-ils si occupé ? Pourquoi n'était-il pas occupé, lui aussi ? N'avait-il pas apporté la preuve qu'il était capable d'accomplir beaucoup plus de choses qu'eux ? " Harry Potter et l'Ordre du Phénix
46%
" Bonjour, Hermione, dit celle-ci d'un ton beaucoup moins chaleureux qu'à l'ordinaire. Bonjour dit Hermione. Son sourire s'évanouit en voyant l'expression glaciale de Mrs Weasley. " Harry Potter et la coupe de feu
38%
" Elle a dû lui jeter un sortilège de Confusion. Elle l'a jeté à tout le monde. Elle a fait semblant d'être sa nièce. " Harry Potter et l'enfant maudit
38%
" Tout ce qu'on a pu tirer d'eux, c'est qu'ils étaient simplement allés dans une grotte avec Tom Jedusor. Il a juré qu'ils y étaient simplement entrés pour voir mais je suis sûre qu'il s'est passé quelque chose, là-dedans. " Harry Potter et le Prince de sang-mêlé
38%
" Je ne suis pas une beauté suprême mais faut pas s'fier à ce qu'on voit je veux bien me manger moi même si vous trouvez plus malin qu'moi. " Harry Potter à l'école des sorciers
23%
"Je n'avais plus aucun espoir de dérober la Pierre philosophale, puisque Dumbledore avait veillé à ce qu'elle soit détruite. Mais j'avais la volonté de revenir à une vie mortelle avant de rechercher à nouveau l'immortalité. " Harry Potter et la coupe de feu
23%
" Il fallait attendre d'être à bord du Poudlard Express pour se changer et mettre la robe de sorcier qu'ils devaient porter au collège. Fred, Georges, Ron et lui descendirent prendre leur petit déjeuner. Au moment où ils arrivaient au premier étage, Mrs Weasley apparut au pied de l'escalier, l'air exaspéré. Arthur ! appela-t-elle. Arthur ! Un message urgent du ministère. " Harry Potter et la coupe de feu
23%
" C'est possible. Mais si c'est vrai, nous trouverons les moyens de nous battre, Harry. Nous l'avons toujours fait. Continuant de sourire, elle met un caramel dans sa bouche et quitte le bureau. " Harry Potter et l'enfant maudit
23%
" Ils avaient le dortoir pour eux tout seuls et la salle commune ne rassemblait plus grand monde, ce qui leur permettait de s'installer dans les meilleurs fauteuils, près du feu. " Harry Potter à l'école des sorciers
15%
" Il risque de rester sous la forme de Voldemort - pour toujours. Cela pourrait arriver à n'importe lequel d'entre nous. Tes inquiétudes sont légitimes. " Harry Potter et l'enfant maudit
15%
" Et j'ai le regret de vous dire que vos inquiétudes ne sont pas sans fondement. Je vois des moments difficiles qui vous attendent, hélas... très difficiles... Ce que vous redoutez va se produire, je le crains... Et peut-être plus tôt que vous ne le pensez... " Harry Potter et la coupe de feu
8%
"À cette instant, du fond de la pièce, dans un murmure qui semble envelopper chacun, des mots sont prononcés d'une voix reconnaissable entre toutes. La voix de Voldemort... " Harry Potter et l'enfant maudit
0%
" Pourtant, répliqua Hermione en sortant de sa rêverie, je ne pense pas qu'on puisse trouver une seule femme qui bouderait pendant une demi-heure parce que Madame Rosmerta n'a pas ri à son histoire drôle sur la harpie, le guérisseur et le Mimbulus Mimbletonia Harry Potter et le Prince de sang-mêlé
0%
" Aussitôt, le sapin de Noël, près de la cheminée, s'éleva de quelques centimètres, se déplaça latéralement et retomba sans bruit juste devant leur table en les dissimulant aux regards. " Harry Potter et le prisonnier d'Azkaban
0%
" Quelque chose lui effleura les chevilles. Il regarda par terre et vit Miss Teigne, la chatte grise et squelettique du concierge, qui avançait à pas furtifs. Elle tourna vers lui des yeux jaunes semblables à deux lampes, puis disparut derrière la statue de Wilfrid le Mélancolique. Je n'ai rien fait de mal, lui lança Harry. " Harry Potter et l'Ordre du Phénix
0%
Aucun quiz correspondant
Distribution des résultats
% des personnes avec chaque résultat
Percentile par nombre de réponses
Votre historique - résultats
Vous n’avez pas pris ce quiz depuis la dernière actualisation